Indovina lo sport dall'atleta - Statistics

Statistiche generali
  • Questo quiz è stato fatto 792 volte
  • Il punteggio medio è 9 su 15
Statistiche sulle risposte
Atleta Sport % Corretto
Cristiano Ronaldo Calcio
100%
Lebron James Basket
98%
Novak Djokovic Tennis
98%
Usain Bolt Corsa 100m
94%
Federica Pellegrini Nuoto
94%
Charles Leclerc Formula 1
93%
Roberto Bolle Danza
89%
Ivan Zaytsev Pallavolo
80%
Tom Brady Football
54%
Ma Long Ping Pong
21%
Antonie Dupont Rugby
18%
Stefka Kostadinova Salto in alto
14%
Willie Mays Baseball
12%
Mikkel Hansen Pallamano
12%
Carolina Marin Badminton
8%
Nessun quiz corrispondente trovato
Distribuzione punteggi
Percentuale di utenti per punteggio
Percentile per numero di risposta
I tuoi punteggi nel tempo
Non hai fatto questo quiz